عرض عادي عرض مارك
  • Campo, Theresa M.

مدخل إسم شخص

عدد التسجيلات المستخدمة في: 1

001 - رقم الضبط

  • حقل الضبط: 38312

003 - معرف رقم الضبط

  • حقل الضبط: OSt

005 - تاريخ ووقت أخر عملية

  • حقل الضبط: 20131026172938.0

008 - عناصر بيانات ثابتة الطول

  • حقل تحكم ثابت الطول: 131026|||a|||||| | ||| d

040 ## - مصدر الفهرسة

  • هيئة الفهرسة الأصلية: OSt
  • وكالة الكتابة: OSt

100 ## - مدخل -- أسم شخص

  • إسم شخص: Campo, Theresa M.

670 ## - بيانات المصدر موجوده

  • الاستشهاد بالمصدر: Work cat.: (OSt)0: Campo, Theresa M., Essential procedures for practitioners in emergency, urgent, and primary care settings /, c2011.